[Event "9th Vellmar Chess Days"]
[Site "chess24.com"]
[Date "2017.07.14"]
[Round "3"]
[White "Doerge, Sven"]
[Black "Verhoef, Pieter"]
[Result "1/2-1/2"]
[Board "13"]
[WhiteElo "2000"]
[WhiteCountry "GER"]
[WhiteFideId "24657638"]
[WhiteEloChange "3"]
[BlackElo "2122"]
[BlackCountry "NED"]
[BlackFideId "1047264"]
[BlackEloChange "-3"]

1. e4 {[%clk 1:30:57]} e5 {[%clk 1:30:53]} 2. Nf3 {[%clk 1:31:25]} Nf6 {[%clk
1:31:00]} 3. d3 {[%clk 1:27:46]} Nc6 {[%clk 1:28:22]} 4. Nc3 {[%clk 1:25:28]} Be7
{[%clk 1:28:26]} 5. g3 {[%clk 1:25:46]} O-O {[%clk 1:28:28]} 6. Bg2 {[%clk
1:26:11]} d5 {[%clk 1:28:05]} 7. O-O {[%clk 1:25:40]} dxe4 {[%clk 1:23:17]} 8.
dxe4 {[%clk 1:22:47]} Bg4 {[%clk 1:23:27]} 9. Be3 {[%clk 1:19:40]} Qc8 {[%clk
1:19:37]} 10. Nd5 {[%clk 1:16:14]} Nxd5 {[%clk 1:07:11]} 11. Qxd5 {[%clk
1:11:54]} Rd8 {[%clk 1:07:12]} 12. Qc4 {[%clk 1:10:17]} Be6 {[%clk 1:06:43]} 13.
Qe2 {[%clk 1:10:15]} Nd4 {[%clk 1:05:54]} 14. Nxd4 {[%clk 1:07:00]} exd4 {[%clk
1:06:06]} 15. Bf4 {[%clk 1:06:19]} c5 {[%clk 1:03:47]} 16. Rad1 {[%clk 1:04:47]}
c4 {[%clk 1:02:51]} 17. b3 {[%clk 1:00:17]} b5 {[%clk 0:58:02]} 18. Bc1 {[%clk
0:50:36]} Bc5 {[%clk 0:57:21]} 19. Kh1 {[%clk 0:50:30]} Qd7 {[%clk 0:55:38]} 20.
f4 {[%clk 0:50:24]} Bg4 {[%clk 0:55:47]} 21. Bf3 {[%clk 0:50:13]} Bxf3+ {[%clk
0:52:08]} 22. Rxf3 {[%clk 0:50:10]} Qc6 {[%clk 0:51:54]} 23. Kg2 {[%clk 0:49:16]}
Bb6 {[%clk 0:51:27]} 24. f5 {[%clk 0:43:50]} Re8 {[%clk 0:46:41]} 25. Rf4 {[%clk
0:35:31]} d3 {[%clk 0:45:30]} 26. cxd3 {[%clk 0:34:09]} cxd3 {[%clk 0:45:50]} 27.
Qf3 {[%clk 0:33:47]} Qc2+ {[%clk 0:44:55]} 28. Kh3 {[%clk 0:33:43]} d2 {[%clk
0:44:16]} 29. Ba3 {[%clk 0:31:48]} a5 {[%clk 0:40:40]} 30. Bd6 {[%clk 0:31:16]}
Rad8 {[%clk 0:38:51]} 31. e5 {[%clk 0:29:14]} Bc7 {[%clk 0:37:50]} 32. Rd4 {[%clk
0:27:48]} Bxd6 {[%clk 0:32:57]} 33. R1xd2 {[%clk 0:26:54]} Qc5 {[%clk 0:32:58]}
34. Rxd6 {[%clk 0:26:59]} Rxd6 {[%clk 0:32:04]} 35. exd6 {[%clk 0:27:20]} Rd8
{[%clk 0:31:31]} 36. Qd5 {[%clk 0:26:44]} Qe3 {[%clk 0:30:53]} 37. d7 {[%clk
0:26:27]} a4 {[%clk 0:28:32]} 38. Rd3 {[%clk 0:24:00]} Qe2 {[%clk 0:28:23]} 39.
Rd2 {[%clk 0:21:59]} Qf1+ {[%clk 0:26:40]} 40. Kh4 {[%clk 0:16:42]} Qe1 {[%clk
0:24:49]} 41. bxa4 {[%clk 0:14:30]} Qe7+ {[%clk 0:24:10]} 42. Kh3 {[%clk
0:14:08]} bxa4 {[%clk 0:24:21]} 43. Rd4 {[%clk 0:13:23]} g6 {[%clk 0:22:14]} 44.
Re4 {[%clk 0:13:04]} Rxd7 {[%clk 0:21:45]} 45. Qa8+ {[%clk 0:12:44]} Rd8 {[%clk
0:22:09]} 46. Qxa4 {[%clk 0:12:41]} Qg5 {[%clk 0:19:46]} 47. Re8+ {[%clk
0:10:40]} Rxe8 {[%clk 0:19:29]} 48. Qxe8+ {[%clk 0:11:08]} Kg7 {[%clk 0:19:49]}
49. Qe5+ {[%clk 0:11:05]} Kg8 {[%clk 0:16:13]} 50. Qb8+ {[%clk 0:09:49]} Kg7
{[%clk 0:16:36]} 51. Qb2+ {[%clk 0:09:55]} Kh6 {[%clk 0:15:44]} 52. Qf2 {[%clk
0:07:53]} Kg7 {[%clk 0:14:41]} 53. Qd4+ {[%clk 0:06:34]} Kg8 {[%clk 0:11:40]} 54.
f6 {[%clk 0:05:35]} Qh5+ {[%clk 0:12:04]} 55. Kg2 {[%clk 0:05:50]} Qe2+ {[%clk
0:12:12]} 56. Qf2 {[%clk 0:05:51]} Qe4+ {[%clk 0:12:34]} 57. Qf3 {[%clk 0:06:10]}
Qc2+ {[%clk 0:12:59]} 58. Qf2 {[%clk 0:05:38]} Qe4+ {[%clk 0:12:56]} 59. Kh3
{[%clk 0:04:30]} h5 {[%clk 0:12:20]} 60. Qb2 {[%clk 0:02:39]} Qf3 {[%clk
0:11:11]} 61. Qb8+ {[%clk 0:01:46]} Kh7 {[%clk 0:10:49]} 62. Qf4 {[%clk 0:01:33]}
Qd5 {[%clk 0:10:15]} 63. a4 {[%clk 0:00:42]} g5 {[%clk 0:09:53]} 64. Qc7 {[%clk
0:24:54]} Kh6 {[%clk 0:34:09]} 65. Qc1 {[%clk 0:23:32]} Qd7+ {[%clk 0:33:48]} 66.
Kg2 {[%clk 0:23:29]} Qxa4 {[%clk 0:33:56]} 67. h4 {[%clk 0:23:28]} Qe4+ {[%clk
0:33:36]} 68. Kg1 {[%clk 0:22:18]} Qd4+ {[%clk 0:33:58]} 69. Kg2 {[%clk 0:21:20]}
Qxf6 {[%clk 0:34:17]} 70. Qd2 {[%clk 0:19:00]} Kg6 {[%clk 0:33:22]} 71. Qd3+
{[%clk 0:17:43]} Qf5 {[%clk 0:33:30]} 72. Qd6+ {[%clk 0:17:42]} f6 {[%clk
0:33:37]} 73. Qc6 {[%clk 0:16:10]} Qe5 {[%clk 0:31:54]} 74. Qc2+ {[%clk 0:16:01]}
Kg7 {[%clk 0:32:12]} 75. Qd1 {[%clk 0:10:58]} Qe4+ {[%clk 0:30:29]} 76. Qf3
{[%clk 0:10:55]} Qxf3+ {[%clk 0:30:20]} 77. Kxf3 {[%clk 0:11:24]} Kg6 {[%clk
0:29:10]} 78. Ke4 {[%clk 0:10:20]} f5+ {[%clk 0:28:43]} 79. Ke5 {[%clk 0:10:22]}
f4 {[%clk 0:27:10]} 80. gxf4 {[%clk 0:09:58]} gxf4 {[%clk 0:25:28]} 1/2-1/2

[Event "9th Vellmar Chess Days"]
[Site "chess24.com"]
[Date "2017.07.14"]
[Round "3"]
[White "Bennedik, Martin"]
[Black "Niebergall, Gerhard"]
[Result "1-0"]
[Board "14"]
[WhiteElo "2086"]
[WhiteCountry "GER"]
[WhiteFideId "4618840"]
[WhiteEloChange "8"]
[BlackElo "2001"]
[BlackCountry "GER"]
[BlackFideId "4624203"]
[BlackEloChange "-8"]

1. e4 {[%clk 1:30:57]} d6 {[%clk 1:25:34]} 2. d4 {[%clk 1:31:19]} Nf6 {[%clk
1:25:49]} 3. Nc3 {[%clk 1:31:42]} Nbd7 {[%clk 1:26:04]} 4. Nf3 {[%clk 1:27:53]}
e5 {[%clk 1:26:22]} 5. h3 {[%clk 1:17:39]} Be7 {[%clk 1:26:37]} 6. Be3 {[%clk
1:14:03]} c6 {[%clk 1:26:22]} 7. a4 {[%clk 1:10:58]} a5 {[%clk 1:24:39]} 8. Qd2
{[%clk 1:09:28]} Qc7 {[%clk 1:21:38]} 9. Bc4 {[%clk 1:03:31]} h6 {[%clk 1:20:27]}
10. Ba2 {[%clk 1:00:18]} b6 {[%clk 1:13:24]} 11. O-O {[%clk 1:00:00]} g5 {[%clk
1:13:07]} 12. Bxg5 {[%clk 0:50:12]} exd4 {[%clk 0:52:31]} 13. Bxf6 {[%clk
0:46:11]} Bxf6 {[%clk 0:46:26]} 14. Nxd4 {[%clk 0:45:36]} Nc5 {[%clk 0:27:28]}
15. Nxc6 {[%clk 0:41:35]} Bxc3 {[%clk 0:15:13]} 16. Qxc3 {[%clk 0:41:15]} Rg8
{[%clk 0:15:37]} 17. Nd4 {[%clk 0:38:24]} Bd7 {[%clk 0:15:59]} 18. Nb5 {[%clk
0:34:43]} Bxb5 {[%clk 0:16:10]} 19. axb5 {[%clk 0:35:06]} O-O-O {[%clk 0:16:22]}
20. Bd5 {[%clk 0:34:44]} Rge8 {[%clk 0:03:30]} 21. Rfe1 {[%clk 0:31:11]} Re7
{[%clk 0:03:35]} 22. b4 {[%clk 0:29:13]} Nb7 {[%clk 0:04:00]} 23. Bc6 {[%clk
0:25:36]} Re5 {[%clk 0:03:02]} 24. Qd4 {[%clk 0:23:36]} Rg8 {[%clk 0:03:01]} 25.
f4 {[%clk 0:21:36]} Re6 {[%clk 0:02:05]} 26. f5 {[%clk 0:19:35]} Re5 {[%clk
0:02:21]} 27. Re3 {[%clk 0:19:43]} Kd8 {[%clk 0:01:33]} 28. Bxb7 {[%clk 0:17:02]}
1-0

[Event "9th Vellmar Chess Days"]
[Site "chess24.com"]
[Date "2017.07.14"]
[Round "3"]
[White "Oezdemir, Ali Oezden"]
[Black "Held, Carsten, Dr."]
[Result "1/2-1/2"]
[Board "15"]
[WhiteElo "1997"]
[WhiteCountry "GER"]
[WhiteFideId "12952745"]
[WhiteEloChange "1"]
[BlackElo "2049"]
[BlackCountry "GER"]
[BlackFideId "1271741"]
[BlackEloChange "-1"]

1. e4 {[%clk 1:30:58]} c5 {[%clk 1:30:54]} 2. Nf3 {[%clk 1:31:24]} g6 {[%clk
1:31:17]} 3. d4 {[%clk 1:31:36]} cxd4 {[%clk 1:31:40]} 4. Nxd4 {[%clk 1:32:01]}
Bg7 {[%clk 1:32:03]} 5. c4 {[%clk 1:31:48]} Nc6 {[%clk 1:32:27]} 6. Be3 {[%clk
1:31:43]} d6 {[%clk 1:32:30]} 7. Nc3 {[%clk 1:32:01]} Nf6 {[%clk 1:32:52]} 8. Be2
{[%clk 1:31:47]} O-O {[%clk 1:33:13]} 9. f3 {[%clk 1:32:00]} Bd7 {[%clk 1:33:27]}
10. Qd2 {[%clk 1:31:57]} a5 {[%clk 1:32:01]} 11. O-O {[%clk 1:32:21]} Nxd4 {[%clk
1:32:27]} 12. Bxd4 {[%clk 1:32:46]} Bc6 {[%clk 1:32:49]} 13. Rab1 {[%clk
1:31:38]} Nd7 {[%clk 1:33:06]} 14. Be3 {[%clk 1:32:06]} Nc5 {[%clk 1:33:14]} 15.
b3 {[%clk 1:30:16]} Be5 {[%clk 1:32:12]} 16. Rfc1 {[%clk 1:24:49]} f5 {[%clk
1:08:28]} 17. exf5 {[%clk 1:24:42]} gxf5 {[%clk 1:07:11]} 18. Nd5 {[%clk
1:17:44]} Bxd5 {[%clk 1:02:41]} 19. cxd5 {[%clk 1:18:13]} b6 {[%clk 1:02:13]} 20.
Bb5 {[%clk 1:11:04]} f4 {[%clk 0:54:50]} 21. Bf2 {[%clk 1:11:09]} Rf5 {[%clk
0:50:13]} 22. Bc6 {[%clk 0:51:13]} Rb8 {[%clk 0:48:45]} 23. b4 {[%clk 0:51:00]}
axb4 {[%clk 0:47:58]} 24. Rxb4 {[%clk 0:51:06]} Qc7 {[%clk 0:36:14]} 25. Rcb1
{[%clk 0:48:20]} Qa7 {[%clk 0:35:46]} 26. Qc2 {[%clk 0:43:37]} Rg5 {[%clk
0:35:12]} 27. Bd4 {[%clk 0:32:35]} 1/2-1/2

[Event "9th Vellmar Chess Days"]
[Site "chess24.com"]
[Date "2017.07.14"]
[Round "3"]
[White "Eggenstein, Frank"]
[Black "Lesny, Florian"]
[Result "1/2-1/2"]
[Board "16"]
[WhiteElo "2047"]
[WhiteCountry "GER"]
[WhiteFideId "4651278"]
[WhiteEloChange "-1"]
[BlackElo "1997"]
[BlackCountry "GER"]
[BlackFideId "12973874"]
[BlackEloChange "1"]

1. e4 {[%clk 1:30:58]} c5 {[%clk 1:30:52]} 2. Nf3 {[%clk 1:31:18]} d6 {[%clk
1:31:14]} 3. d4 {[%clk 1:31:40]} cxd4 {[%clk 1:31:36]} 4. Nxd4 {[%clk 1:32:05]}
Nf6 {[%clk 1:31:55]} 5. Nc3 {[%clk 1:32:30]} a6 {[%clk 1:32:15]} 6. Bg5 {[%clk
1:32:54]} Nbd7 {[%clk 1:32:35]} 7. Qe2 {[%clk 1:33:14]} Qc7 {[%clk 1:31:16]} 8.
O-O-O {[%clk 1:33:07]} e6 {[%clk 1:28:12]} 9. f4 {[%clk 1:32:48]} Be7 {[%clk
1:26:33]} 10. g4 {[%clk 1:32:06]} b5 {[%clk 1:22:32]} 11. a3 {[%clk 1:31:52]} Bb7
{[%clk 1:20:12]} 12. Bxf6 {[%clk 1:30:46]} Nxf6 {[%clk 1:19:43]} 13. g5 {[%clk
1:29:48]} Nd7 {[%clk 1:19:37]} 14. Bh3 {[%clk 1:27:07]} Nc5 {[%clk 1:16:19]} 15.
Rhg1 {[%clk 1:18:19]} Qa5 {[%clk 1:11:14]} 1/2-1/2

[Event "9th Vellmar Chess Days"]
[Site "chess24.com"]
[Date "2017.07.14"]
[Round "3"]
[White "Tremoehlen, Thomas"]
[Black "Hoefelsauer, Thomas"]
[Result "0-1"]
[Board "17"]
[WhiteElo "1980"]
[WhiteCountry "GER"]
[WhiteFideId "12999555"]
[WhiteEloChange "-2"]
[BlackElo "2395"]
[BlackTitle "FM"]
[BlackCountry "GER"]
[BlackFideId "24668842"]
[BlackEloChange "2"]

1. b3 {[%clk 1:30:56]} d5 {[%clk 1:30:44]} 2. Bb2 {[%clk 1:31:20]} Bf5 {[%clk
1:31:03]} 3. e3 {[%clk 1:31:48]} e6 {[%clk 1:31:16]} 4. Nf3 {[%clk 1:32:15]} Nf6
{[%clk 1:31:12]} 5. Be2 {[%clk 1:32:40]} Bd6 {[%clk 1:28:13]} 6. Ne5 {[%clk
1:29:22]} Nbd7 {[%clk 1:24:36]} 7. f4 {[%clk 1:29:37]} Nxe5 {[%clk 1:16:00]} 8.
fxe5 {[%clk 1:27:54]} Ne4 {[%clk 1:16:06]} 9. O-O {[%clk 1:24:27]} Be7 {[%clk
1:14:35]} 10. d3 {[%clk 1:08:40]} Nc5 {[%clk 1:14:34]} 11. Nd2 {[%clk 1:07:24]}
Bg5 {[%clk 1:10:36]} 12. Rf3 {[%clk 0:59:58]} O-O {[%clk 1:07:02]} 13. h3 {[%clk
0:51:55]} Nd7 {[%clk 1:03:34]} 14. Nf1 {[%clk 0:46:08]} Bg6 {[%clk 1:01:41]} 15.
d4 {[%clk 0:41:02]} Be4 {[%clk 0:58:16]} 16. Rf2 {[%clk 0:40:12]} f6 {[%clk
0:56:28]} 17. Bd3 {[%clk 0:33:33]} Bxd3 {[%clk 0:53:28]} 18. cxd3 {[%clk
0:32:31]} fxe5 {[%clk 0:49:56]} 19. dxe5 {[%clk 0:32:33]} Rxf2 {[%clk 0:48:21]}
20. Kxf2 {[%clk 0:33:00]} Qf8+ {[%clk 0:45:05]} 21. Kg1 {[%clk 0:30:35]} Qf5
{[%clk 0:43:33]} 22. d4 {[%clk 0:27:49]} Rf8 {[%clk 0:41:55]} 23. Qe2 {[%clk
0:27:16]} Bh4 {[%clk 0:36:36]} 24. Ba3 {[%clk 0:24:13]} Rf7 {[%clk 0:26:14]} 25.
Rc1 {[%clk 0:18:02]} c6 {[%clk 0:24:57]} 26. Bb4 {[%clk 0:17:18]} Nf8 {[%clk
0:20:15]} 27. g3 {[%clk 0:13:16]} Bg5 {[%clk 0:20:06]} 28. g4 {[%clk 0:11:30]}
Qe4 {[%clk 0:19:46]} 29. Re1 {[%clk 0:06:46]} Rxf1+ {[%clk 0:09:30]} 30. Qxf1
{[%clk 0:02:03]} Bxe3+ {[%clk 0:09:54]} 31. Kh2 {[%clk 0:02:44]} Bf4+ {[%clk
0:10:16]} 0-1

[Event "9th Vellmar Chess Days"]
[Site "chess24.com"]
[Date "2017.07.14"]
[Round "3"]
[White "Kobs, Stephan"]
[Black "Humburg, Philipp"]
[Result "0-1"]
[Board "18"]
[WhiteElo "1938"]
[WhiteCountry "GER"]
[WhiteFideId "4684656"]
[WhiteEloChange "-3"]
[BlackElo "2229"]
[BlackCountry "GER"]
[BlackFideId "24656151"]
[BlackEloChange "3"]

1. e4 {[%clk 1:30:56]} c5 {[%clk 1:27:39]} 2. Nf3 {[%clk 1:31:12]} e6 {[%clk
1:28:05]} 3. d3 {[%clk 1:29:22]} Nc6 {[%clk 1:28:29]} 4. Nbd2 {[%clk 1:29:15]} g6
{[%clk 1:28:44]} 5. g3 {[%clk 1:29:34]} Bg7 {[%clk 1:29:09]} 6. Bg2 {[%clk
1:29:48]} Nge7 {[%clk 1:29:34]} 7. O-O {[%clk 1:30:01]} O-O {[%clk 1:30:00]} 8.
Re1 {[%clk 1:30:02]} Rb8 {[%clk 1:30:25]} 9. a4 {[%clk 1:28:57]} d5 {[%clk
1:29:43]} 10. c3 {[%clk 1:24:10]} b6 {[%clk 1:29:37]} 11. Nb3 {[%clk 0:59:04]}
Bb7 {[%clk 1:22:59]} 12. exd5 {[%clk 0:48:03]} Nxd5 {[%clk 1:23:19]} 13. d4
{[%clk 0:47:51]} cxd4 {[%clk 1:23:36]} 14. Nbxd4 {[%clk 0:47:50]} Nxd4 {[%clk
1:23:33]} 15. Nxd4 {[%clk 0:47:55]} e5 {[%clk 1:22:43]} 16. Nf3 {[%clk 0:46:50]}
Re8 {[%clk 1:23:03]} 17. Qb3 {[%clk 0:42:02]} Qc7 {[%clk 1:18:01]} 18. c4 {[%clk
0:34:31]} Ne7 {[%clk 1:17:47]} 19. Be3 {[%clk 0:22:20]} Nc6 {[%clk 1:17:53]} 20.
Rac1 {[%clk 0:21:43]} Ba8 {[%clk 1:06:10]} 21. Red1 {[%clk 0:15:05]} h6 {[%clk
1:05:00]} 22. Qa3 {[%clk 0:05:31]} Rbd8 {[%clk 1:01:17]} 23. c5 {[%clk 0:04:26]}
bxc5 {[%clk 1:00:01]} 24. Qxc5 {[%clk 0:03:53]} Qb8 {[%clk 0:59:38]} 25. Rxd8
{[%clk 0:03:18]} Rxd8 {[%clk 0:59:37]} 26. Qa3 {[%clk 0:03:06]} e4 {[%clk
0:58:54]} 27. Ne1 {[%clk 0:02:54]} Bxb2 {[%clk 0:58:51]} 0-1

[Event "9th Vellmar Chess Days"]
[Site "chess24.com"]
[Date "2017.07.14"]
[Round "3"]
[White "George, Tom"]
[Black "Buese, Ralf"]
[Result "1-0"]
[Board "19"]
[WhiteElo "2212"]
[WhiteCountry "GER"]
[WhiteFideId "24659487"]
[WhiteEloChange "3"]
[BlackElo "1900"]
[BlackCountry "GER"]
[BlackFideId "16208358"]
[BlackEloChange "-3"]

1. e4 {[%clk 1:30:57]} e6 {[%clk 1:30:59]} 2. d4 {[%clk 1:31:07]} d5 {[%clk
1:31:21]} 3. Nd2 {[%clk 1:31:32]} Nf6 {[%clk 1:31:18]} 4. e5 {[%clk 1:31:57]}
Nfd7 {[%clk 1:31:39]} 5. Bd3 {[%clk 1:32:20]} c5 {[%clk 1:31:57]} 6. c3 {[%clk
1:32:46]} Nc6 {[%clk 1:32:20]} 7. Ne2 {[%clk 1:32:51]} cxd4 {[%clk 1:30:11]} 8.
cxd4 {[%clk 1:32:55]} f6 {[%clk 1:30:31]} 9. exf6 {[%clk 1:33:10]} Nxf6 {[%clk
1:30:49]} 10. Nf3 {[%clk 1:33:22]} Bd6 {[%clk 1:29:41]} 11. O-O {[%clk 1:33:44]}
O-O {[%clk 1:28:31]} 12. Bf4 {[%clk 1:33:24]} Bxf4 {[%clk 1:28:52]} 13. Nxf4
{[%clk 1:33:50]} Ne4 {[%clk 1:28:25]} 14. Qc1 {[%clk 1:33:20]} Qf6 {[%clk
1:15:39]} 15. Ne2 {[%clk 1:33:44]} e5 {[%clk 1:14:18]} 16. dxe5 {[%clk 1:33:11]}
Nxe5 {[%clk 1:14:39]} 17. Nxe5 {[%clk 1:33:37]} Qxe5 {[%clk 1:14:58]} 18. f3
{[%clk 1:34:02]} Nd6 {[%clk 1:11:47]} 19. Qc3 {[%clk 1:33:20]} Qxc3 {[%clk
1:00:59]} 20. Nxc3 {[%clk 1:33:37]} Be6 {[%clk 0:58:07]} 21. Rfe1 {[%clk
1:33:03]} Rfe8 {[%clk 0:56:32]} 22. Rad1 {[%clk 1:30:50]} a6 {[%clk 0:48:48]} 23.
Bc2 {[%clk 1:25:20]} Nc4 {[%clk 0:47:04]} 24. Nxd5 {[%clk 1:24:01]} Bxd5 {[%clk
0:47:00]} 25. Rxe8+ {[%clk 1:23:57]} Rxe8 {[%clk 0:47:29]} 26. Rxd5 {[%clk
1:24:06]} Ne3 {[%clk 0:47:04]} 27. Rd2 {[%clk 1:20:38]} Nxc2 {[%clk 0:47:24]} 28.
Rxc2 {[%clk 1:21:07]} Re7 {[%clk 0:47:42]} 29. Kf2 {[%clk 1:20:26]} Kf7 {[%clk
0:47:41]} 30. h4 {[%clk 1:16:04]} Kf6 {[%clk 0:42:51]} 31. g4 {[%clk 1:14:55]} h6
{[%clk 0:34:21]} 32. Rc5 {[%clk 1:09:57]} g6 {[%clk 0:34:00]} 33. f4 {[%clk
1:04:39]} Rd7 {[%clk 0:32:47]} 34. Ke3 {[%clk 1:02:09]} Rd1 {[%clk 0:24:41]} 35.
g5+ {[%clk 0:57:12]} hxg5 {[%clk 0:24:57]} 36. hxg5+ {[%clk 0:57:37]} Ke6 {[%clk
0:25:04]} 37. Rc7 {[%clk 0:56:40]} Re1+ {[%clk 0:24:56]} 38. Kf2 {[%clk 0:44:13]}
Re4 {[%clk 0:24:28]} 39. Kf3 {[%clk 0:44:28]} Rb4 {[%clk 0:24:16]} 40. b3 {[%clk
0:44:29]} a5 {[%clk 0:21:49]} 41. Rg7 {[%clk 0:44:01]} a4 {[%clk 0:19:13]} 42.
bxa4 {[%clk 0:43:50]} Rxa4 {[%clk 0:17:55]} 43. Rxg6+ {[%clk 0:44:06]} Kf7 {[%clk
0:17:58]} 44. Rb6 {[%clk 0:44:07]} 1-0

[Event "9th Vellmar Chess Days"]
[Site "chess24.com"]
[Date "2017.07.14"]
[Round "3"]
[White "Englert, Jon"]
[Black "Garbe, Ralf"]
[Result "1/2-1/2"]
[Board "20"]
[WhiteElo "1904"]
[WhiteCountry "GER"]
[WhiteFideId "12992275"]
[WhiteEloChange "7"]
[BlackElo "2213"]
[BlackCountry "GER"]
[BlackFideId "4651022"]
[BlackEloChange "-7"]

1. d4 {[%clk 1:30:59]} Nf6 {[%clk 1:30:58]} 2. c4 {[%clk 1:31:21]} c5 {[%clk
1:31:15]} 3. d5 {[%clk 1:31:46]} b5 {[%clk 1:31:40]} 4. cxb5 {[%clk 1:31:40]} a6
{[%clk 1:32:09]} 5. bxa6 {[%clk 1:32:03]} Bxa6 {[%clk 1:32:37]} 6. g3 {[%clk
1:32:13]} d6 {[%clk 1:33:06]} 7. Bg2 {[%clk 1:32:24]} g6 {[%clk 1:33:34]} 8. b3
{[%clk 1:32:06]} Bg7 {[%clk 1:33:52]} 9. Bb2 {[%clk 1:31:03]} O-O {[%clk
1:33:46]} 10. Nh3 {[%clk 1:25:52]} Nbd7 {[%clk 1:33:47]} 11. O-O {[%clk 1:20:32]}
Qb6 {[%clk 1:31:05]} 12. Bc3 {[%clk 1:14:12]} Rfb8 {[%clk 1:23:06]} 13. Nd2
{[%clk 1:04:33]} Ng4 {[%clk 1:18:53]} 14. Bxg7 {[%clk 1:04:13]} Kxg7 {[%clk
1:19:21]} 15. Re1 {[%clk 1:00:12]} Nde5 {[%clk 1:16:25]} 16. Qc2 {[%clk 0:56:35]}
Kg8 {[%clk 1:16:12]} 17. Bf1 {[%clk 0:47:28]} Qb4 {[%clk 1:10:48]} 18. Rec1
{[%clk 0:38:30]} Bb7 {[%clk 0:58:43]} 19. Bg2 {[%clk 0:32:50]} 1/2-1/2

[Event "9th Vellmar Chess Days"]
[Site "chess24.com"]
[Date "2017.07.14"]
[Round "3"]
[White "Kearns, Christopher"]
[Black "Helmer, Jan"]
[Result "1-0"]
[Board "21"]
[WhiteElo "2212"]
[WhiteCountry "GER"]
[WhiteFideId "24642118"]
[WhiteEloChange "3"]
[BlackElo "1889"]
[BlackCountry "GER"]
[BlackFideId "12956686"]
[BlackEloChange "-3"]

1. e4 {[%clk 1:27:25]} e6 {[%clk 1:30:52]} 2. d4 {[%clk 1:27:50]} d5 {[%clk
1:31:18]} 3. e5 {[%clk 1:28:16]} c5 {[%clk 1:31:45]} 4. c3 {[%clk 1:28:41]} Qb6
{[%clk 1:32:12]} 5. Nf3 {[%clk 1:29:06]} Nc6 {[%clk 1:32:39]} 6. Bd3 {[%clk
1:29:30]} cxd4 {[%clk 1:33:05]} 7. cxd4 {[%clk 1:29:55]} Bd7 {[%clk 1:33:31]} 8.
O-O {[%clk 1:30:20]} Nxd4 {[%clk 1:33:38]} 9. Nbd2 {[%clk 1:30:49]} Nxf3+ {[%clk
1:33:45]} 10. Nxf3 {[%clk 1:31:17]} Bc5 {[%clk 1:33:25]} 11. b4 {[%clk 1:31:13]}
Qxb4 {[%clk 1:18:39]} 12. Rb1 {[%clk 1:31:40]} Qa4 {[%clk 1:18:35]} 13. Qxa4
{[%clk 1:31:54]} Bxa4 {[%clk 1:19:00]} 14. Rxb7 {[%clk 1:32:18]} Bb6 {[%clk
1:19:07]} 15. Ba3 {[%clk 1:32:00]} Bc6 {[%clk 1:19:19]} 16. Ng5 {[%clk 1:32:02]}
Bxb7 {[%clk 1:18:39]} 17. Bb5+ {[%clk 1:32:28]} Kd8 {[%clk 1:18:57]} 18. Nxf7+
{[%clk 1:32:53]} Kc8 {[%clk 1:17:41]} 19. Rc1+ {[%clk 1:32:32]} Bc7 {[%clk
1:16:09]} 20. Bd6 {[%clk 1:32:30]} a6 {[%clk 1:15:49]} 21. Rxc7+ {[%clk 1:31:10]}
Kb8 {[%clk 1:16:18]} 22. Rd7+ {[%clk 1:31:26]} Ka7 {[%clk 1:16:18]} 23. Bc6
{[%clk 1:31:55]} Kb6 {[%clk 1:15:51]} 24. Bxb7 {[%clk 1:31:32]} Ra7 {[%clk
1:15:31]} 25. Bc8 {[%clk 1:30:35]} Rxd7 {[%clk 1:14:23]} 26. Bxd7 {[%clk
1:30:52]} Nf6 {[%clk 1:14:45]} 27. exf6 {[%clk 1:30:30]} Rg8 {[%clk 1:14:55]} 28.
Nh6 {[%clk 1:30:36]} 1-0

[Event "9th Vellmar Chess Days"]
[Site "chess24.com"]
[Date "2017.07.14"]
[Round "3"]
[White "Heinelt, Manfred"]
[Black "Henkemeier, Michael"]
[Result "1/2-1/2"]
[Board "22"]
[WhiteElo "2153"]
[WhiteCountry "GER"]
[WhiteFideId "4656695"]
[WhiteEloChange "-7"]
[BlackElo "1879"]
[BlackCountry "GER"]
[BlackFideId "24611379"]
[BlackEloChange "7"]

1. d4 {[%clk 1:27:04]} d5 {[%clk 1:30:55]} 2. c4 {[%clk 1:27:26]} c6 {[%clk
1:31:21]} 3. Nc3 {[%clk 1:27:33]} Nf6 {[%clk 1:31:38]} 4. Nf3 {[%clk 1:27:24]}
dxc4 {[%clk 1:31:49]} 5. a4 {[%clk 1:28:16]} Bf5 {[%clk 1:32:14]} 6. e3 {[%clk
1:28:39]} e6 {[%clk 1:32:18]} 7. Bxc4 {[%clk 1:28:57]} Bb4 {[%clk 1:31:04]} 8.
O-O {[%clk 1:29:15]} O-O {[%clk 1:31:27]} 9. Qe2 {[%clk 1:29:34]} Bg4 {[%clk
1:25:13]} 10. h3 {[%clk 1:29:19]} Bh5 {[%clk 1:24:25]} 11. Rd1 {[%clk 1:29:31]}
Bxc3 {[%clk 1:14:14]} 12. bxc3 {[%clk 1:28:45]} Ne4 {[%clk 1:11:30]} 13. Bb2
{[%clk 1:28:50]} Ng5 {[%clk 1:09:55]} 14. Kh2 {[%clk 1:19:45]} Nxf3+ {[%clk
1:05:37]} 15. gxf3 {[%clk 1:20:02]} Nd7 {[%clk 1:05:04]} 16. Rg1 {[%clk 1:19:49]}
Nb6 {[%clk 1:02:35]} 17. Bd3 {[%clk 1:19:44]} Qc7+ {[%clk 0:57:45]} 18. Kh1
{[%clk 1:17:39]} f6 {[%clk 0:56:57]} 19. Rg3 {[%clk 1:17:07]} Nd5 {[%clk
0:48:43]} 20. Rag1 {[%clk 1:15:18]} Rf7 {[%clk 0:48:16]} 21. Qc2 {[%clk 1:11:48]}
f5 {[%clk 0:36:26]} 22. f4 {[%clk 1:10:59]} Nf6 {[%clk 0:31:59]} 23. f3 {[%clk
1:09:27]} Re8 {[%clk 0:29:15]} 24. Qf2 {[%clk 1:09:42]} Ree7 {[%clk 0:27:50]} 25.
Ba3 {[%clk 1:07:49]} Re8 {[%clk 0:27:42]} 26. Bc4 {[%clk 1:07:16]} Qd7 {[%clk
0:26:03]} 27. Rg5 {[%clk 1:05:38]} Kh8 {[%clk 0:20:11]} 28. Kh2 {[%clk 1:03:09]}
b6 {[%clk 0:14:26]} 29. Qh4 {[%clk 1:00:16]} Bxf3 {[%clk 0:10:51]} 30. Rxg7
{[%clk 0:59:29]} Rxg7 {[%clk 0:09:48]} 31. Qxf6 {[%clk 0:59:46]} Qf7 {[%clk
0:06:13]} 32. Qe5 {[%clk 0:56:13]} Kg8 {[%clk 0:05:28]} 33. Bxe6 {[%clk 0:56:26]}
Rxe6 {[%clk 0:04:54]} 34. Rxg7+ {[%clk 0:56:42]} Qxg7 {[%clk 0:05:12]} 35. Qxe6+
{[%clk 0:57:01]} Kh8 {[%clk 0:04:38]} 36. Qe8+ {[%clk 0:48:41]} Qg8 {[%clk
0:04:52]} 37. Qe5+ {[%clk 0:45:18]} Qg7 {[%clk 0:05:20]} 38. Bb4 {[%clk 0:44:38]}
Qxe5 {[%clk 0:04:06]} 39. fxe5 {[%clk 0:44:59]} a6 {[%clk 0:02:26]} 40. e6 {[%clk
0:44:44]} Kg7 {[%clk 0:02:15]} 41. e7 {[%clk 0:44:20]} Kf7 {[%clk 0:02:35]} 42.
a5 {[%clk 0:44:44]} b5 {[%clk 0:01:38]} 43. Kg3 {[%clk 0:44:49]} 1/2-1/2